LEADER 00948nam 22003373 450 001 9910130460703321 005 20200326180825.0 010 $a88-7462-239-2 035 $a(CKB)3400000000020138 035 $a(ItFiC)it 02415283 035 $a(EXLCZ)993400000000020138 100 $a20101102d2008 uy 0 101 0 $aita 200 00$aAntropologie dell'immagine /$f[a cura di Giovanni Matteucci] 210 $aMacerata $cQuodlibet$d2008 215 $a192 p. ;$d22 cm 225 0$aDiscipline filosofiche ;$v18.2 (2008) 300 $aCollected essays. 300 $aThe series is a six-monthly periodical. 320 $aIncludes bibliographical references. 676 $a128 676 $a101 676 $a121 676 $a111 702 $aMatteucci$b Giovanni$f1963-, 801 0$bItFiC 801 1$bItFiC 906 $aBOOK 912 $a9910130460703321 996 $aAntropologie dell'immagine$92434923 997 $aUNINA